01456nam a22001937a 4500003000900000005001700009008004100026020001800067040002500085082001500110110002700125240007100152245012500223260005300348300002000401500017800421500015800599500050500757DO-SdBNP20220601093630.0091125s201u dr 001 0 spa d a9789945606263 aDO-SdBNPbspacBNPHU axxxxbxxxx1 aRepública Dominicana13aLey 155-17 contra lavado de activos y financiamiento al terrorismo10aLey 155-17 contra lavado de activos y financiamiento al terrorismo :bparte ley 72-02, decreto 408-17, decreto 407-17 /. aSanto Domingo :bDalis,bLibreria Delmac[2017]. a99 P. ;c21 cm. aParte Ley 72-02 (artículos que permanecerán vigentes hasta tanto se dicte la Ley sobre administración y disposición de bienes incautados, decomisados y abandonados). aDec. 408-17 reglamento de la Ley 155-17 contra lavado de activos, el financiamiento al terrorismo y la proliferación de armas de destrucción masiva.  aDec. 407-17 reglamento para la aplicación de medidas en materia de congelamiento preventivo de bienes o activos relacionados con el terrorismo y su financiamiento y con la financiación de la proliferación de armas de destrucción masiva, conforme las resoluciones del consejo de seguridad de las naciones unidas 1267 (1999), y 1989 (2011) y sucesivas, resolución 1988 (2011) y sucesivas, resolución 1373 (2001) y sucesivas, resolución 1718 (2006) y sucesivas, y resolución 2231 (2015)